Rekonštrukcia kúpeľov Grössling

Salvato in:
Dettagli Bibliografici
Autore principale: Baroš, Peter František (Autore)
Altri autori: Fečík, Maroš (Relatore della tesi)
Natura: Manoscritto Libro
Lingua:slovacco
Pubblicazione: Bratislava 2020
Soggetti:
Accesso online:http://is.stuba.sk/zp/portal_zp.pl?podrobnosti=153449
Tags: Aggiungi Tag
Nessun Tag, puoi essere il primo ad aggiungerne!!

MARC

LEADER 00000ntm a22000003a 4500
001 stuzp79228
003 SK-STU
005 20200812103032.7
007 ta
008 150427s2015----xo-----f-mn---000-0-slo-d
040 |a STU  |b slo 
041 0 |a slo 
100 1 |a Baroš, Peter František  |u 058180  |4 aut  |U FAD Fakulta architektúry  |T FA Ústav architektúry občianskych budov  |X 77240  |U A8180  |Y 399  |7 77240 
242 0 1 |a Revitalization of the Grössling Spa  |y eng 
245 1 0 |a Rekonštrukcia kúpeľov Grössling 
260 |c 2020  |a Bratislava 
650 4 |a kúpele  |2 slo 
650 4 |a knižnica  |2 slo 
650 4 |a rekonštrukcia  |2 slo 
650 4 |a prieluka  |2 slo 
650 4 |a galéria  |2 slo 
650 4 |a komunita  |2 slo 
650 4 |a library  |2 eng 
650 4 |a community  |2 eng 
650 4 |a baths  |2 eng 
650 4 |a reconstruction  |2 eng 
650 4 |a gap site  |2 eng 
650 4 |a gallery  |2 eng 
700 1 |a Fečík, Maroš  |4 ths  |X 67967  |7 67967 
856 4 |u http://is.stuba.sk/zp/portal_zp.pl?podrobnosti=153449  |u https://opac.crzp.sk/?fn=detailBiblioForm&sid=2DE4D0DBB221E90D118DFFBEC259